| 000 | 01234cad a22002895a 4500 | ||
|---|---|---|---|
| 001 | L158539 | ||
| 008 | 150414s2014 xxk f 000 0 eng d | ||
| 035 | _a(Sirsi) u158539 | ||
| 041 | 0 | _aeng | |
| 110 | 2 |
_aUnited Kingdom _kLaws, etc. _95044 |
|
| 245 | 0 | 4 |
_aThe Heat Network (Metering and Billing) (Amendment) Regulations 2015 _h[electronic resource} |
| 260 |
_aLondon _bHM Government _c2015 |
||
| 490 | 0 |
_aSI _v2014: 3120 |
|
| 520 | _aComes into force on 20 April 2015. Corrects errors in the Heat Network (Metering and Billing) Regulations 2014. See L158538 for explanation of the Heat Network (Metering and Billing) Regulations 2014, the Principal Regulations. | ||
| 590 | _aKA | ||
| 650 | 2 | 4 | _aHEAT NETWORK (METERING AND BILLING) REGULATIONS 2014 |
| 650 | 2 | 4 | _aHEAT NETWORK (METERING AND BILLING) (AMENDMENT) REGULATIONS 2015 |
| 650 | 2 | 4 | _aDISTRICT HEATING |
| 650 | 2 | 4 | _aCOMMUNAL HEATING |
| 651 | 4 |
_aUnited Kingdom _y |
|
| 690 |
_aEnergy _96237 |
||
| 690 |
_aCommercial property _96227 |
||
| 690 |
_aFacilities management _96240 |
||
| 690 |
_aSustainability _96271 |
||
| 856 | 4 | 0 |
_uhttps://www.legislation.gov.uk/uksi/2015/855/contents/made _zView the legislation free of charge at www.legislation.gov.uk |
| 942 | _n0 | ||
| 999 |
_c115366 _d115366 |
||